Welcome to CU Library Online Public Access Catalogue (OPAC)

GOD'S BEAUTY AND THE BEAST; (Record no. 7493)

MARC details
000 -LEADER
fixed length control field 00370nam a22001337a 4500
005 - DATE AND TIME OF LATEST TRANSACTION
control field 20250909150929.0
008 - FIXED-LENGTH DATA ELEMENTS--GENERAL INFORMATION
fixed length control field 250909b |||||||| |||| 00| 0 eng d
020 ## - INTERNATIONAL STANDARD BOOK NUMBER
International Standard Book Number 1879718103
100 ## - MAIN ENTRY--PERSONAL NAME
Personal name HILES LYNN H.
245 ## - TITLE STATEMENT
Title GOD'S BEAUTY AND THE BEAST;
Remainder of title EXPOSING THE BEAST AND REVEALING THE CHRIST
260 ## - PUBLICATION, DISTRIBUTION, ETC.
Name of publisher, distributor, etc. ERETNAL WORD PUBLISHING
300 ## - PHYSICAL DESCRIPTION
Extent 111P
942 ## - ADDED ENTRY ELEMENTS (KOHA)
Source of classification or shelving scheme Library of Congress Classification
Koha item type Books
Suppress in OPAC No
999 ## -
-- 7493
-- 7493
Holdings
Withdrawn status Lost status Source of classification or shelving scheme Damaged status Not for loan Collection Home library Current library Shelving location Date acquired Total checkouts Barcode Date last seen Copy number Price effective from Koha item type
    Library of Congress Classification     Non-fiction Undergraduate Library (Christ Temple) Undergraduate Library (Christ Temple) General stacks 09/09/2025   ulct00004674 09/09/2025 1 09/09/2025 Books
© 2023-2024 Copyright: Central University Libraries. All Rights Reserved | Created by: Mahone Tech Office